Các thuốc chống dị ứng

में बचाया:
ग्रंथसूची विवरण
मुख्य लेखक: Vũ, Minh Thục
स्वरूप: पुस्तक
भाषा:Undetermined
प्रकाशित: Hà Nội Y Học 2005
विषय:
टैग : टैग जोड़ें
कोई टैग नहीं, इस रिकॉर्ड को टैग करने वाले पहले व्यक्ति बनें!
Thư viện lưu trữ: Trung tâm Học liệu Trường Đại học Cần Thơ
LEADER 00587nam a2200193Ia 4500
001 CTU_97280
008 210402s9999 xx 000 0 und d
020 |c 50000 
082 |a 615.3 
082 |b Th506 
100 |a Vũ, Minh Thục 
245 0 |a Các thuốc chống dị ứng 
245 0 |c Vũ Minh Thục, Phạm Văn Thức 
260 |a Hà Nội 
260 |b Y Học 
260 |c 2005 
650 |a Pharmacology,Chemistry, organic,Chemistry, medical and pharmaceutical 
904 |i Minh(Tuyến) 
980 |a Trung tâm Học liệu Trường Đại học Cần Thơ